MARC details
| 000 -LEADER |
| fixed length control field |
04119cam a22003617a 4500 |
| 001 - CONTROL NUMBER |
| control field |
19275330 |
| 003 - CONTROL NUMBER IDENTIFIER |
| control field |
ARRUPE |
| 005 - DATE AND TIME OF LATEST TRANSACTION |
| control field |
20180314142028.0 |
| 008 - FIXED-LENGTH DATA ELEMENTS--GENERAL INFORMATION |
| fixed length control field |
160915s2011 mdua b 001 0 eng d |
| 010 ## - LIBRARY OF CONGRESS CONTROL NUMBER |
| LC control number |
2010935136 |
| 020 ## - INTERNATIONAL STANDARD BOOK NUMBER |
| International Standard Book Number |
0761853677 |
| 020 ## - INTERNATIONAL STANDARD BOOK NUMBER |
| International Standard Book Number |
9780761853671 |
| 035 ## - SYSTEM CONTROL NUMBER |
| System control number |
(OCoLC)ocn671531746 |
| 040 ## - CATALOGING SOURCE |
| Original cataloging agency |
YDXCP |
| Language of cataloging |
eng |
| Transcribing agency |
YDXCP |
| Modifying agency |
KLG |
| -- |
INU |
| -- |
BDX |
| -- |
OCLCF |
| -- |
OCLCQ |
| -- |
DLC |
| 042 ## - AUTHENTICATION CODE |
| Authentication code |
lccopycat |
| 050 00 - LIBRARY OF CONGRESS CALL NUMBER |
| Classification number |
B2430. M |
| Item number |
H241 |
| 300 ## - PHYSICAL DESCRIPTION |
| Other physical details |
illustrations ; |
| Dimensions |
23 cm. |
| 100 1# - MAIN ENTRY--PERSONAL NAME |
| Personal name |
Hanley, Katharine Rose. |
| 9 (RLIN) |
40583 |
| 245 10 - TITLE STATEMENT |
| Title |
Dramatic approaches to creative fidelity : |
| Remainder of title |
a study in the theater and philosophy of Gabriel Marcel (1889-1973) / |
| Statement of responsibility, etc |
Katharine Rose Hanley ; introduction by Paul Ricoeur. |
| 260 ## - PUBLICATION, DISTRIBUTION, ETC. (IMPRINT) |
| Place of publication, distribution, etc |
Lanham : |
| Name of publisher, distributor, etc |
University Press of America, |
| Date of publication, distribution, etc |
2011. |
| 300 ## - PHYSICAL DESCRIPTION |
| Extent |
xxiv, 224 p. : |
| 504 ## - BIBLIOGRAPHY, ETC. NOTE |
| Bibliography, etc |
Includes works by Gabriel Marcel in chronological order of composition. |
| 504 ## - BIBLIOGRAPHY, ETC. NOTE |
| Bibliography, etc |
Includes bibliographical references and index. |
| 505 00 - FORMATTED CONTENTS NOTE |
| Miscellaneous information |
Machine generated contents note: |
| -- |
pt. One |
| Title |
Gabriel Marcel: Philosopher-Dramatist-Musician -- |
| Miscellaneous information |
ch. I |
| Title |
Introduction to Gabriel Marcel's Philosophic Quest -- |
| -- |
Through Music -- |
| -- |
Through Theater -- |
| -- |
Through Philosophy -- |
| -- |
Proper Relations Between Theater and Philosophy -- |
| Miscellaneous information |
pt. Two |
| Title |
Dramatic Approaches to Creative Fidelity -- |
| Miscellaneous information |
ch. II |
| Title |
The Unfathomable: A Search for Presence -- |
| Miscellaneous information |
ch. III |
| Title |
The Lantern: and the Light of Truth -- |
| Miscellaneous information |
ch. IV |
| Title |
Dot the I: An Existential Witness of the Light of Truth -- |
| Miscellaneous information |
ch. V |
| Title |
The Rebellious Heart: and Human Creativity -- |
| Miscellaneous information |
ch. VI |
| Title |
The Double Expertise: Fidelity and Infidelity -- |
| Miscellaneous information |
ch. VII |
| Title |
Colombyre or the Torch of Peace: The Role of Person-Community in Living Creative Fidelity to Values -- |
| Miscellaneous information |
ch. VIII |
| Title |
The Sting: Threatening the Foundations of Fidelity -- |
| Miscellaneous information |
ch. IX |
| Title |
Rome Is No Longer in Rome: Challenge for Creative Incarnations of Fidelity -- |
| Miscellaneous information |
ch. X |
| Title |
Conclusion: Creative Fidelity, Sketch of the Essential Features Highlighted -- |
| Miscellaneous information |
pt. Three |
| Title |
Resources for Research -- |
| Miscellaneous information |
I. |
| Title |
Biblio-biography -- |
| Miscellaneous information |
II. |
| Title |
Parallel of Theater and Philosophy -- |
| Miscellaneous information |
III. |
| Title |
Works by Gabriel Marcel in chronological order of composition -- |
| Miscellaneous information |
A. |
| Title |
Philosophy -- |
| Miscellaneous information |
B. |
| Title |
Plays -- |
| Miscellaneous information |
C. |
| Title |
Drama Criticism -- |
| Miscellaneous information |
D. |
| Title |
Music -- |
| Miscellaneous information |
E. |
| Title |
Combination -- |
| Miscellaneous information |
IV. |
| Title |
Bibliographic References -- |
| Miscellaneous information |
V. |
| Title |
Partial List of Plays Produced -- |
| Miscellaneous information |
VI. |
| Title |
Centers of Research. |
| 520 ## - SUMMARY, ETC. |
| Summary, etc |
Dramatic Approaches to Creative Fidelity is a unique study of the work of Gabriel Marcel, a twentieth-century philospher of international renown. This book brings a fresh perspective to the examination of Marcel's thought, highlighting facets that are sure to interest many different audiences. |
| 520 ## - SUMMARY, ETC. |
| Summary, etc |
Dramatic Approaches to Creative Fidelity presents a clear exposition of the nature of creative fidelity, a central theme in Marcel's life and work. The distinctive contribution of this book, however, is its illustration of how theater and philosophy are complementary in Marcel's investigation and reflective clarification of life's existential questions. Each chapter of the book studies a play and a contemporary philosphic essay and examines how they relate to clarify a particular aspect of creative fidelity. Thus, this work communicates Marcel's understanding of the nature of creative fidelity. Illustrates the relationships that links theater and philosophy, and demonstrates the important role theater plays in providing a privileged way into personal philosophizing. |
| 520 ## - SUMMARY, ETC. |
| Summary, etc |
The principal aim of this book is to introduce English-Speaking audiences to Gabriel Marcel's theater. The book also intends to suggest to students. teachers, scholars, and theatrical personnel the heuristic as well as the pedagogical advantages offered by an integrated approach that sees Marcel's theater and philosophy as essentilly complementary. --Book Jacket. |
| 600 10 - SUBJECT ADDED ENTRY--PERSONAL NAME |
| Personal name |
Marcel, Gabriel, |
| Dates associated with a name |
1889-1973 |
| General subdivision |
Dramatic works. |
| 9 (RLIN) |
40584 |
| 600 10 - SUBJECT ADDED ENTRY--PERSONAL NAME |
| Personal name |
Marcel, Gabriel, |
| Dates associated with a name |
1889-1973 |
| General subdivision |
Philosophy. |
| 9 (RLIN) |
40585 |
| 650 #0 - SUBJECT ADDED ENTRY--TOPICAL TERM |
| Topical term or geographic name as entry element |
Philosophy in literature. |
| 9 (RLIN) |
4752 |
| 906 ## - LOCAL DATA ELEMENT F, LDF (RLIN) |
| a |
7 |
| b |
cbc |
| c |
copycat |
| d |
2 |
| e |
epcn |
| f |
20 |
| g |
y-gencatlg |
| 942 ## - ADDED ENTRY ELEMENTS (KOHA) |
| Source of classification or shelving scheme |
Library of Congress Classification |
| Koha item type |
Monograph ( Printed materials) |